|
|
|
|
| LEADER |
00000nam a22000007ic4500 |
| 001 |
IT\ICCU\PAL\0130797 |
| 003 |
ItRI |
| 005 |
20260115232422.0 |
| 008 |
961121s1986 it |||||| ||||| |||||c |
| 040 |
|
|
|b ita
|c importazione bologna sebina
|
| 041 |
|
7 |
|a ita
|2 ISO-639-2
|
| 245 |
0 |
0 |
|a Il dizionario delle vacanze.
|c con la collaborazione di Jocelyne Buquet ... \et al.!.
|
| 300 |
|
|
|a 123 p. ;
|c 18 cm.
|
| 700 |
1 |
|
|a Buquet, Jocelyne
|0 IT\ICCU\TO0V\060469
|
| 773 |
0 |
|
|w IT\ICCU\PAL\0094489
|t Il dizionario delle vacanze
|g 2
|
| 942 |
|
|
|2 ddc
|c BK
|n 0
|
| 952 |
|
|
|0 0
|1 0
|4 0
|6 DOC_413_000000000000000_BUQ
|7 0
|9 25480
|a BO
|b BO
|d 2026-01-15
|i 3609
|l 0
|o DOC 413 BUQ
|p BO3609
|r 2026-01-15 23:24:22
|w 2026-01-15
|x [Sebina 7] [1 v.]
|y BK
|z 1 v.
|
| 999 |
|
|
|c 21634
|d 21634
|